Normal view
MARC view
- Guzmán-Rincón, Judith.
Entry Personal Name
001 - CONTROL NUMBER
- control field: 4765
003 - CONTROL NUMBER IDENTIFIER
- control field: NUST
005 - DATE AND TIME OF LATEST TRANSACTION
- control field: 20170921151703.0
008 - FIXED-LENGTH DATA ELEMENTS
- fixed length control field: 170921|| aca||aabn | a|a d
040 ## - CATALOGING SOURCE
- Original cataloging agency: NUST
- Transcribing agency: NUST
100 ## - HEADING--PERSONAL NAME
- Personal name: Guzmán-Rincón, Judith.
670 ## - SOURCE DATA FOUND
- Source citation: Work cat.: (NUST)0: Biomonitors and biomarkers as indicators of environmental change :, c1995.
